000 00358nam a2200133Ia 4500
008 230411s9999 xx 000 0 und d
041 _aeng
082 _aF/610.7343/CLE/B07339
100 _aClement I
_9119826
245 _aBasic Concepts of Nursing Procedures
260 _bJaypee Brothers
_aNew Delhi
_c2009
300 _a624p
999 _c157471
_d157471